Score 0/20 Timer 06:00
0 Plays Today
% Correct
China
90.9%
Liberia
81.8%
Uzbekistan
81.8%
Tajikistan
81.8%
Afghanistan
81.8%
Tajikistan
81.8%
Côte d'Ivoire
72.7%
Ghana
72.7%
Burkina Faso
72.7%
Burkina Faso
72.7%
% Correct
Niger
72.7%
Chad
72.7%
Libya
72.7%
Egypt
72.7%
Israel
72.7%
Jordan
72.7%
Iraq
72.7%
Iran
72.7%
Turkmenistan
72.7%
Palestine
63.6%
Remove Ads.
Support Sporcle.
Get the best of Sporcle when you Go Orange. This ad-free experience offers more features, more stats, and more fun while also helping to support Sporcle. Thank you for becoming a member.

You're not logged in!

Compare scores with friends on all Sporcle quizzes.
OR
Log In

Show Comments

Extras

Created May 4, 2018SourceReportNominate
Tags:Nintendo Quiz

Top Quizzes Today


Score Distribution

Your Account Isn't Verified!

In order to create a playlist on Sporcle, you need to verify the email address you used during registration. Go to your Sporcle Settings to finish the process.

Report this User

Report this user for behavior that violates our Community Guidelines.

Details: